Directori d'empreses consultores especialitzades en l'àmbit del desenvolupament econòmic local
Publicado:
Barcelona :
Diputació de Barcelona. Àrea de Promoció Econòmica i Habitatge. Servei de Promoció Econòmica ,
1996
Descripción Física:
199 p. ; 30 cm
Materias:
Empreses -- Directoris
MARC
| LEADER | 00000nam a2200000Ia 4500 | ||
|---|---|---|---|
| 001 | 17675 | ||
| 008 | 160829s1996 xx 000 0 cat d | ||
| 080 | |a M-5-214 | ||
| 245 | |a Directori d'empreses consultores especialitzades en l'àmbit del desenvolupament econòmic local | ||
| 260 | |a Barcelona : |b Diputació de Barcelona. Àrea de Promoció Econòmica i Habitatge. Servei de Promoció Econòmica, |c 1996 | ||
| 300 | |a 199 p. ; |c 30 cm | ||
| 650 | |a Empreses |x Directoris |9 20776 | ||
| 710 | |a Barcelona (Catalunya : Província). |b Servei de Promoció Econòmica |9 53915 | ||
| 901 | |a Arxiu | ||
| 942 | |n 1 | ||
| 952 | |0 0 |1 0 |4 0 |6 M5214 |7 1 |9 41664 |a Arxiu |b Arxiu |d 2016-12-01 |l 0 |o M-5-214 |p 17675 |r 2016-12-01 00:00:00 |w 2016-12-01 |y ARXIU | ||
| 999 | |c 43554 |d 43554 | ||